Statistics for US States That Border Another That Start With Same Letter

Click here to take the quiz!

General Stats

  • This quiz has been taken 37 times
  • The average score is 4 of 5

Answer Stats

Answer% Correct
New Jersey
92%
New York
89%
Illinois
89%
Iowa
84%
Indiana
81%

Score Distribution

Percentile by Number Answered

Percent of People with Each Score

Your Score History

You have not taken this quiz